Hóa học phân tích

Nội dung tài liệu gồm: Cơ sở lý thuyết các phương pháp hóa học phân tích như: cân bằng hoá học và hoạt độ, đại cương về phân tích khối lượng và phân tích thể tích, axít và bazơ phản ứng trao đổi proton......

全面介绍

Đã lưu trong:
书目详细资料
主要作者: Từ, Vọng Nghi
格式: 图书
语言:Undetermined
出版: Hà Nội Đại học Quốc gia Hà Nội 2000
主题:
标签: 添加标签
没有标签, 成为第一个标记此记录!
Thư viện lưu trữ: Trung tâm Học liệu Trường Đại học Cần Thơ
LEADER 00845nam a2200193Ia 4500
001 CTU_41960
008 210402s9999 xx 000 0 und d
082 |a 543 
082 |b Ngh300/P.1 
100 |a Từ, Vọng Nghi 
245 0 |a Hóa học phân tích 
245 0 |c Từ Vọng Nghi 
260 |a Hà Nội 
260 |b Đại học Quốc gia Hà Nội 
260 |c 2000 
520 |a Nội dung tài liệu gồm: Cơ sở lý thuyết các phương pháp hóa học phân tích như: cân bằng hoá học và hoạt độ, đại cương về phân tích khối lượng và phân tích thể tích, axít và bazơ phản ứng trao đổi proton... 
650 |a Chemistry, analytic 
904 |i QHieu 
980 |a Trung tâm Học liệu Trường Đại học Cần Thơ